| 000 -LEADER |
| fixed length control field |
00940cam a2200217 i 4500 |
| 008 - FIXED-LENGTH DATA ELEMENTS--GENERAL INFORMATION |
| fixed length control field |
121026s2012 enka l i000 0 eng |
| 020 ## - INTERNATIONAL STANDARD BOOK NUMBER |
| International Standard Book Number |
9789280115482 |
| 040 ## - CATALOGING SOURCE |
| Language of cataloging |
eng |
| 082 00 - DEWEY DECIMAL CLASSIFICATION NUMBER |
| Classification number |
363.37 |
| Item number |
I339 |
| 110 2# - MAIN ENTRY--CORPORATE NAME |
| Corporate name or jurisdiction name as entry element |
International Maritime Organization. |
| 240 10 - UNIFORM TITLE |
| Uniform title |
<a href="International code for application of fire test procedures, 2010">International code for application of fire test procedures, 2010</a> |
| 245 10 - TITLE STATEMENT |
| Title |
FTP Code |
| Remainder of title |
International code for application of fire test procedures, 2010 : (Resolution MSC.307(88)). |
| 250 ## - EDITION STATEMENT |
| Edition statement |
2012 edition. |
| 260 ## - PUBLICATION, DISTRIBUTION, ETC. (IMPRINT) |
| Place of publication, distribution, etc |
London |
| Name of publisher, distributor, etc |
International Maritime Organization. |
| Date of publication, distribution, etc |
2012 |
| 300 ## - PHYSICAL DESCRIPTION |
| Extent |
vi, 271 pages : |
| Other physical details |
illustrations ; |
| Dimensions |
24 cm |
| 500 ## - GENERAL NOTE |
| General note |
"Sales number: IC844E"-- Verso of title page. |
| 650 #0 - SUBJECT ADDED ENTRY--TOPICAL TERM |
| Topical term or geographic name as entry element |
Ships |
| General subdivision |
Fires and fire prevention |
| -- |
Law and legislation. |
| 710 2# - ADDED ENTRY--CORPORATE NAME |
| Corporate name or jurisdiction name as entry element |
International Maritime Organization. |
| Subordinate unit |
Maritime Safety Committee. |
| 856 41 - ELECTRONIC LOCATION AND ACCESS |
| Uniform Resource Identifier |
<a href="http://www.loc.gov/catdir/toc/fy13pdf01/2012494447.html">http://www.loc.gov/catdir/toc/fy13pdf01/2012494447.html</a> |
| 942 ## - ADDED ENTRY ELEMENTS (KOHA) |
| Source of classification or shelving scheme |
|
| Item type |
Books |